000 00593nam a2200193 u 4500
001 000004811
005 20240502094959.0
008 090727s2007 dr r 000 0 spa d
020 _a9789590609602
040 _aDO-SdBNP
_bspa
_cBNPHU
082 _axxxx
_bC355h
100 1 _aCastro, Fidel
_d 1926-2016
_916971
245 1 3 _aLa historia me absolverá /
_cFidel Alejandro Castro Ruz.
260 _aLa Habana, Cuba :
_bCiencias Sociales,
_c2007.
300 _a98 p. ;
_c18 cm.
490 1 _aPolítica
500 _aLa biblioteca posee la quinta reimpresión del 2007
830 0 _aPolítica
_92269
999 _c4617
_d4617